من أعلام اليمن شيخ الإسلام المجتهد محمد بن علي الشوكاني اليماني
محفوظ في:
المؤلف الرئيسي:
مؤلفون آخرون:
التنسيق: كتاب
اللغة: Undetermined
منشور في:
Cairo
matabie al'ahram altijariati,
1969
الوسوم: إضافة وسم
لا توجد وسوم, كن أول من يضع وسما على هذه التسجيلة!
رقم الطلب: A99 AHMA
| LEADER | 00517nam a2200133Ia 4500 | ||
|---|---|---|---|
| 008 | 240404s9999||||xx |||||||||||||| ||und|| | ||
| 050 | 4 | |a A99 AHMA | |
| 100 | 1 | |a أحمد، قاسم غالب, زائد،. | |
| 245 | 1 | 0 | |a من أعلام اليمن شيخ الإسلام المجتهد محمد بن علي الشوكاني اليماني |c أحمد، قاسم غالب, زائد، |
| 264 | 1 | |a Cairo |b matabie al'ahram altijariati, |c 1969 | |
| 300 | |a 82 |c 19 | ||
| 700 | 1 | |a محمود إبراهيم. | |
| 942 | |2 lcc |c BK | ||
| 999 | |c 58029 |d 58029 | ||
